000 00498nam a2200193 a 4500
001 1755155983914
003 ACL
005 20250814125238.0
008 250814s2004##################000#0#eng##
020 _a9780520231252
082 0 4 _a730.92
_bING
100 1 _aInglot, Joanna,
_eauthor.
245 1 0 _aThe Figurative Sculpture of Magdalena Abakanowicz :
260 _bUniv of California Press,
_c2004.
300 _a184 pages
650 0 _aArt.
942 _cENGLISH
040 _aACL
_beng
_cACL
999 _c582296
_d582296